Cervantes y el "Quijote" / (Record no. 176674)
[ view plain ]
| 000 -LEADER | |
|---|---|
| campo de control de longitud fija | 01210namaa22002891 4500 |
| 001 - NÚMERO DE CONTROL | |
| campo de control | 176674 |
| 003 - IDENTIFICADOR DE NÚMERO DE CONTROL | |
| campo de control | ES-MaACL |
| 005 - FECHA Y HORA DE LA ÚLTIMA TRANSACCIÓN | |
| campo de control | 20240224062545.0 |
| 008 - DATOS DE LONGITUD FIJA--INFORMACIÓN GENERAL | |
| campo de control de longitud fija | 110201s2006 sp r |||| | spa d |
| 020 ## - NÚMERO INTERNACIONAL ESTÁNDAR DEL LIBRO | |
| Número Internacional Estándar del Libro | 84-87914-75-6 |
| 080 ## - NÚMERO DE LA CLASIFICACIÓN DECIMAL UNIVERSAL | |
| Número de la Clasificación Decimal Universal | 821.134.2 Cervantes Saavedra, Miguel de |
| 080 ## - NÚMERO DE LA CLASIFICACIÓN DECIMAL UNIVERSAL | |
| Número de la Clasificación Decimal Universal | 929 Cervantes Saavedra, Miguel de |
| 245 00 - MENCIÓN DEL TÍTULO | |
| Título | Cervantes y el "Quijote" / |
| Mención de responsabilidad, etc. | [coordina, Francisco Javier García Gutiérrez]. |
| 250 ## - MENCION DE EDICION | |
| Mención de edición | 2ª ed. |
| 260 ## - PUBLICACIÓN, DISTRIBUCIÓN, ETC. | |
| Lugar de publicación, distribución, etc. | [Alcalá de Henares] : |
| Nombre del editor, distribuidor, etc. | Ayuntamiento de Alcalá de Henares, |
| Fecha de publicación, distribución, etc. | D. L. 2006. |
| 300 ## - DESCRIPCIÓN FÍSICA | |
| Extensión | 171 p. : |
| Otras características físicas | il. bl. y n. ; |
| Dimensiones | 26 cm + |
| Material acompañante/anejo | 1 cuadernillo (28 p. : il. col. y n.) |
| 500 ## - NOTA GENERAL | |
| Nota general | El cuaderno acompaña a la ed. facs. en conmemoración del 4º centenario de la ed. de la primera parte de El Quijote (1605-2005) |
| 500 ## - NOTA GENERAL | |
| Nota general | Índices. |
| 600 14 - PUNTO DE ACCESO ADICIONAL DE MATERIA--NOMBRE DE PERSONA | |
| Nombre de persona | Cervantes Saavedra, Miguel de, |
| Fechas asociadas al nombre | 1547-1616. |
| Título de la obra | Don Quijote de la Mancha- |
| Subdivisión general | Crítica e interpretación |
| 9 (RLIN) | 37618 |
| 600 14 - PUNTO DE ACCESO ADICIONAL DE MATERIA--NOMBRE DE PERSONA | |
| Nombre de persona | Cervantes Saavedra, Miguel de, |
| Fechas asociadas al nombre | 1547-1616 |
| 9 (RLIN) | 226514 |
| 655 #7 - TERMINO DE INDIZACIÓN--GENERO/FORMA | |
| Fuente del término | tgfbne |
| 9 (RLIN) | 226495 |
| Datos o término principal de género/forma | Facsímiles |
| 700 0# - ENTRADA AGREGADA--NOMBRE PERSONAL | |
| Nombre de persona | García Gutiérrez, Francisco Javier. |
| 9 (RLIN) | 54745 |
| 852 ## - LOCALIZACIÓN | |
| Ubicación | ES-MaACL |
| Número de control de estantería | E-14142 |
| 852 ## - LOCALIZACIÓN | |
| Ubicación | ES-MaACL |
| Número de control de estantería | E-14143 |
| 942 ## - ELEMENTOS DE ENTRADA SECUNDARIOS (KOHA) | |
| Fuente del sistema de clasificación o colocación | Clasificación decimal universal |
| Estatus retirado | Estado de pérdida | Estado de daño | No para préstamo | Biblioteca de origen | Biblioteca actual | Ubicación en estantería | Fecha de adquisición | Fuente de adquisición | Total de préstamos | Signatura topográfica completa | Código de barras | Visto por última vez | Precio de reemplazo | Tipo de ítem Koha |
|---|---|---|---|---|---|---|---|---|---|---|---|---|---|---|
| Biblioteca del Ateneo de Madrid | Biblioteca del Ateneo de Madrid | Depósito 2 | 01/02/2011 | E-14142 | 1185545 | 23/02/2023 | 23/02/2023 | Libro impreso | ||||||
| Biblioteca del Ateneo de Madrid | Biblioteca del Ateneo de Madrid | Depósito 2 | 01/02/2011 | E-14143 | 1185546 | 23/02/2023 | 23/02/2023 | Libro impreso |
